| Tag |
First Indicator |
Second Indicator |
Subfields |
| LEADER |
00000pam a2200000 i 4500 |
| 001 |
in00000337331 |
| 005 |
20151011055154.0 |
| 008 |
750714s1976 nyuaf 00110 eng |
| 010 |
|
|
|a 75023026
|
| 020 |
|
|
|a 0030898420
|
| 035 |
|
|
|a (OCoLC)01530910
|
| 035 |
|
|
|9 ABM2376AM
|
| 040 |
|
|
|a DLC
|c DLC
|d TXA
|d UtOrBLW
|
| 049 |
|
|
|a TXAM
|c 1 [1376671], 2 [1154825]
|
| 050 |
0 |
0 |
|a PE1408
|b I67 1976
|
| 082 |
0 |
|
|a 808/.042
|
| 100 |
1 |
|
|a Irmscher, William F.
|
| 245 |
1 |
4 |
|a The Holt guide to English :
|b a contemporary handbook of rhetoric, language, and literature /
|c William F. Irmscher.
|
| 250 |
|
|
|a 2d ed.
|
| 264 |
|
1 |
|a New York :
|b Holt, Rinehart and Winston,
|c [1976]
|
| 264 |
|
4 |
|c ©1976
|
| 300 |
|
|
|a xx, 539 pages, 1 unnumbered leaf of plate :
|b illustrations ;
|c 24 cm.
|
| 336 |
|
|
|a text
|b txt
|2 rdacontent
|
| 337 |
|
|
|a unmediated
|b n
|2 rdamedia
|
| 338 |
|
|
|a volume
|b nc
|2 rdacarrier
|
| 500 |
|
|
|a Includes index.
|
| 650 |
|
0 |
|a English language
|x Rhetoric.
|
| 650 |
|
0 |
|a English language
|x Grammar.
|
| 999 |
|
|
|a MARS
|
| 999 |
f |
f |
|s faff46ef-2ea6-305a-9095-e2ccd09a4076
|i d24b2803-caff-3ae2-a55f-ac3c6f27aa24
|t 0
|
| 952 |
f |
f |
|p ric
|a Texas A&M University
|b Rellis Campus
|c Joint Library Facility
|s JLF
|d Remote Storage
|t 0
|e PE1408 I67 1976
|h Library of Congress classification
|i unmediated -- volume
|m A14805883206
|
| 998 |
f |
f |
|a PE1408 I67 1976
|t 0
|l Remote Storage
|